| 000 | 00932 a2200229 4500 | ||
|---|---|---|---|
| 005 | 20090515143012.0 | ||
| 008 | 090515t xxu||||| |||| 00| 0 eng d | ||
| 010 | _aENG-89721 | ||
| 020 |
_c325.00 _a818054639X |
||
| 035 | _aEN-73254 | ||
| 037 | _bDBAD / PUB | ||
| 082 | _a340.112 | ||
| 100 | _aKapoor, G. K. | ||
| 245 |
_aLaw, ethics and communication/ _cby G. K. Kapoor [and] C.B. Gupta _bfor professional competence course of the Institute of Chartered Accountants of India effective from September 2006 |
||
| 250 | _a2nd ed. | ||
| 260 |
_aNew Delhi _bSultan Chand and Sons _c2008 |
||
| 270 |
_a23, Darya Ganj, _bNew Delhi _cDelhi _e110002 _k23243183, 23247051, 23266105, 23278843, 23281876 _l23266357 |
||
| 300 |
_aVarious pagings _c28 cm. (Pbk) |
||
| 700 | _aGupta, C. B. | ||
| 942 |
_adpl _cEN _k340.112 / KAP _2ddc |
||
| 999 |
_c11240 _d11240 |
||